အောင်ခြင်းရှစ်ပါး / (Record no. 41081)

000 -LEADER
fixed length control field 00971nam a2200229Ia 4500
003 - CONTROL NUMBER IDENTIFIER
control field OSt
005 - DATE AND TIME OF LATEST TRANSACTION
control field 20241119110646.0
007 - PHYSICAL DESCRIPTION FIXED FIELD--GENERAL INFORMATION
fixed length control field ca aa aaaaa
008 - FIXED-LENGTH DATA ELEMENTS--GENERAL INFORMATION
fixed length control field 201103s9999 xx 000 0 und d
040 ## - CATALOGING SOURCE
Transcribing agency SSBUL
041 ## - LANGUAGE CODE
Language code of text/sound track or separate title bur
082 ## - DEWEY DECIMAL CLASSIFICATION NUMBER
Edition number 23
Classification number ၂၉၄.၃၆၃ ခင်
Item number ၁၃၁၆၆ S-SAT
100 0# - MAIN ENTRY--PERSONAL NAME
Personal name ခင်မောင်၊ ဦး၊ ဓမ္မာစရိယ-
9 (RLIN) 15630
9 (RLIN) 6333
245 10 - TITLE STATEMENT
Title အောင်ခြင်းရှစ်ပါး /
Statement of responsibility, etc. ဓမ္မာစရိယ ဦးခင်မောင်။
260 ## - PUBLICATION, DISTRIBUTION, ETC.
Place of publication, distribution, etc. ရန်ကုန် ၊
Name of publisher, distributor, etc. ရွှေပုရပိုက်စာပေ၊
Date of publication, distribution, etc. ၁၉၉၇။
300 ## - PHYSICAL DESCRIPTION
Extent ယ၊ ၁၃၂ စာမျက်နှာ ၊
Other physical details ပုံများ(ရောင်စုံ) ၊
Dimensions ၁၈ စင်တီ။
500 ## - GENERAL NOTE
General note S-SAT: Dr. Sai Aung Tun
650 ## - SUBJECT ADDED ENTRY--TOPICAL TERM
Topical term or geographic name entry element ဗုဒ္ဓ
General subdivision အောင်ခြင်းရှစ်ပါး
9 (RLIN) 55317
9 (RLIN) 7377
942 ## - ADDED ENTRY ELEMENTS (KOHA)
Koha item type Book (Short term)
Source of classification or shelving scheme
Holdings
Withdrawn status Lost status Source of classification or shelving scheme Damaged status Not for loan Collection code Permanent Location Current Location Shelving location Date acquired Total Checkouts Full call number Barcode Date last seen Date last checked out Price effective from Koha item type Accession
          Special Collections Shan State Buddhist University Library Shan State Buddhist University Library Special Collection Shelves 19/11/2024 1 ၂၉၄.၃၆၃ ခင် ၁၃၁၆၆ S-SAT MB00013166 11/02/2025 10/02/2025 19/11/2024 Book (Short term) ၁၃၁၆၆ S-SAT

Library - 09407999929
Admin Office - 09407999979
Dean Office - 09250910768
Registrar Office - 09892297154
Email - [email protected]
Shan State Buddhist University, Phaya Phyu Taunggyi, Shan State, Myanmar.